Statistics for Collocations - Quiz

Click here to take the quiz!

General Stats

  • This quiz has been taken 56 times
  • The average score is 8 of 20

Answer Stats

HintAnswer% Correct
(me) a favourdo
89%
a mistakemake
89%
your breathhold
78%
funhave
67%
your own businessmind
67%
the truthtell
67%
the washing updo
56%
breakfasthave
56%
a cornerturn
44%
your mindchange
33%
permissiongive
33%
housemove
33%
firecatch
22%
the waylead
22%
placetake
22%
a seattake
22%
an examplegive
11%
evidencekeep
11%
homeleave
11%
watchset
0%

Score Distribution

Percentile by Number Answered

Percent of People with Each Score

Your Score History

You have not taken this quiz